| 000 | 00436nam a2200181Ia 4500 | ||
|---|---|---|---|
| 008 | 230524s9999 xx 000 0 und d | ||
| 020 | _a9788131718872 | ||
| 082 |
_a629.382 _bDOR |
||
| 100 | _aRichard C.Dorf | ||
| 245 | 0 | _aModern Control Systems | |
| 250 | _a8TH | ||
| 260 |
_aNEW DELHI _bPearson _c2005 |
||
| 300 | _aXI;849 | ||
| 500 | _aQuantity Number: 9 | ||
| 650 | _aElectrical | ||
| 700 | _a Robert H.Bishop | ||
| 942 | _cBK | ||
| 999 |
_c17172 _d17172 |
||